000 00304nam a22001337a 4500
008 171027b xxu||||| |||| 00| 0 eng d
020 _a9780130614704
041 _aeng
080 _212TH
_a336
100 _a55
101 _aMEN
245 _aFINANCIAL MANAGEMENT & POLICY
_cHORNE,J,C
942 _2udc
_cBK
999 _c36034
_d36034